000 00632cam a2200229I 4500
001 4614217
003 ARRUPE
005 20141002172958.0
008 800109s1947 enk 000 0 eng c
010 _aa 50006765
035 _a(OCoLC)ocm05857233
035 _a(NNC)4614217
040 _aNDD
_cIDJ
_dOCL
098 _aQZ5
100 1 _aMortimer, R. C.
_q(Robert Cecil),
_d1902-1976.
_912022
245 1 4 _aThe elements of moral theology.
260 _aLondon,
_bA. and C. Black,
_c1947.
300 _avi, 236 p.,
_c22 cm.
650 0 _aChristian ethics
_xAnglican authors.
_912023
942 _2lcc
_cMONOGRAPH
999 _c121067
_d121067